| 000 | 00838nam a22002412 4500 | ||
|---|---|---|---|
| 001 | 0000018605 | ||
| 005 | 20151217152130.0 | ||
| 008 | 100216s xx 000 0 eng d | ||
| 020 | _a1844078998 : | ||
| 040 |
_aKABU _cKABU |
||
| 245 | 1 | 0 |
_aPlanning sustainable cities : _bglobal report on human settlement 2009 / _cUN-HABITAT. |
| 250 | _a1st ed. | ||
| 260 |
_aLondon : _bEarthscan, _c2009. |
||
| 300 | _axxx, 306 p. | ||
| 650 | 0 |
_aCity planning _xEnvironmental aspects. _@0000177927 |
|
| 650 | 0 |
_aUrban ecology (Sociology) _@0000177928 |
|
| 650 | 0 |
_aSustainable development. _@0000150129 |
|
| 710 | 2 |
_aUnited Nations Human Settlement Programme. _@0000177929 |
|
| 852 | 1 | _9p1000 KES | |
| 852 | 1 | _9p1000 KES | |
| 908 | _a100216 | ||
| 950 | _@1 | ||
| 999 |
_c8596 _d8596 |
||